Özv. Lusztig Ábrahámné
Elmentve itt :
| Dokumentumtípus: | Cikk |
|---|---|
| Megjelent: |
1941-11-15
|
| Sorozat: | Délmagyarország
17 No. 261 |
| Kulcsszavak: | Lusztig Ábrahámné, Gyászjelentés |
| Online Access: | http://dmarchiv.bibl.u-szeged.hu/41455 |
| LEADER | 00419nab a2200145 i 4500 | ||
|---|---|---|---|
| 001 | delm41455 | ||
| 005 | 20180927130015.0 | ||
| 008 | 180927s1941 hu o 0|| hun d | ||
| 040 | |a SZTE Délmagyarország Archívum |b hun | ||
| 041 | |a hun | ||
| 245 | 0 | 0 | |a Özv. Lusztig Ábrahámné |h [elektronikus dokumentum] |
| 260 | |c 1941-11-15 | ||
| 300 | |a 4 | ||
| 490 | 0 | |a Délmagyarország |v 17 No. 261 | |
| 695 | |a Lusztig Ábrahámné, Gyászjelentés | ||